Offering To The Muslim Warriors of Malabar (Record no. 20162)

MARC details
000 -LEADER
fixed length control field 00325nam a22001337a 4500
020 ## - INTERNATIONAL STANDARD BOOK NUMBER
ISBN 9788192763958
082 ## - DEWEY DECIMAL CLASSIFICATION NUMBER
Classification number 954.83 MOR
100 ## - MAIN ENTRY--AUTHOR NAME
Author name More, J.B.P
245 ## - TITLE STATEMENT
Title Offering To The Muslim Warriors of Malabar
260 ## - PUBLICATION, DISTRIBUTION, ETC. (IMPRINT)
Place of publication Kerala
Name of publisher Sainadhavi Publication
Year of publication 2015
300 ## - PHYSICAL DESCRIPTION
Number of Pages 162
650 ## - SUBJECT ADDED ENTRY--TOPICAL TERM
Topical Term Malabar - History
942 ## - ADDED ENTRY ELEMENTS (KOHA)
Koha item type Books
Holdings
Home library Current library Date acquired Source of acquisition Cost, normal purchase price Full call number Accession Number Koha item type
Henry Martyn Institute Library Henry Martyn Institute Library 10/06/2016 Munshiram Manoharlal Publication 240.00 954.83 MOR 25089 Books
                   Copyright © 2026 | Henry Martyn Institute | Hyderabad | TS-500052 | INDIA | Implemented by hmi.edu.in
Hit-Count:

Powered by Koha